| 000 | 01232nam a2200325Ia 4500 | ||
|---|---|---|---|
| 001 | ebr10279463 | ||
| 003 | CaPaEBR | ||
| 006 | m u | ||
| 007 | cr cn||||||||| | ||
| 008 | 880119s1988 nyua s 000 1 eng d | ||
| 010 | _z 88001467 | ||
| 020 | _z0195053648 (alk. paper) | ||
| 020 | _z9780195053647 | ||
| 040 |
_aCaPaEBR _cCaPaEBR |
||
| 035 | _a(OCoLC)252584462 | ||
| 050 | 1 | 4 |
_aPS3529.N5 _bM736 1988eb |
| 082 | 0 | 4 |
_a812/.52 _219 |
| 100 | 1 |
_aO'Neill, Eugene, _d1888-1953. |
|
| 245 | 1 | 0 |
_aMore stately mansions _h[electronic resource] / _cEugene O'Neill ; edited by Martha Gilman Bower. |
| 250 | _aThe unexpurgated ed. | ||
| 260 |
_aNew York : _bOxford University Press, _c1988. |
||
| 300 |
_aviii, 313 p. : _bill. |
||
| 533 |
_aElectronic reproduction. _bPalo Alto, Calif. : _cebrary, _d2009. _nAvailable via World Wide Web. _nAccess may be limited to ebrary affiliated libraries. |
||
| 600 | 1 | 0 |
_aO'Neill, Eugene, _d1888-1953. |
| 650 | 0 |
_aAmerican drama _y20th century. |
|
| 655 | 7 |
_aElectronic books. _2local |
|
| 700 | 1 | _aBower, Martha Gilman. | |
| 710 | 2 | _aebrary, Inc. | |
| 856 | 4 | 0 |
_uhttp://site.ebrary.com/lib/rucke/Doc?id=10279463 _zAn electronic book accessible through the World Wide Web; click to view |
| 999 |
_c4506 _d4506 |
||